000
00349nam a2200145Ia 4500
008
240624s9999 xx 000 0 und d
041
_a
eng
082
_a
330.015195 MAD
100
_a
MADDALA G S
245
_a
INTRODUCTION TO ECONOMETRICS
250
_a
(3rd ed.)
260
_c
2001
_a
Chichester
_b
John Wiley
300
_a
xxvii, : 636
365
_c
RS
999
_c
1306
_d
1306